000 00993nam a2200277 a 4500
001 2900532
003 ARRUPE
005 20160330113515.0
008 871002s1986 sw a b 001 0 eng
010 _a 87136907
020 _a9122008357
040 _aDLC
_cDLC
_dDLC
043 _ae-sw---
_ad------
050 0 0 _aHC50
_b.S9626 1986
082 0 0 _a338.91/485/01724
_219
100 _a Frühling, Pierre (ed.)
_923439
245 0 0 _aSwedish development aid in perspective :
_bpolicies, problems & results since 1952 /
_cedited by Pierre Frühling.
260 _aStockholm :
_bThe Authors :
_bDistributed by Almqvist & Wiksell International,
_cc1986.
300 _a327 p.;
_bill. ;
_c25 cm.
500 _aErrata slip inserted.
504 _aIncludes bibliographical references and index.
650 0 _aEconomic assistance, Swedish
_zDeveloping countries.
_923440
700 1 _aFrühling, Pierre.
_923441
906 _a7
_bcbc
_corignew
_d3
_encip
_f19
_gy-gencatlg
942 _2lcc
_cMONOGRAPH
999 _c124501
_d124501